000 00562nam a2200205Ia 4500
005 20250506172943.0
008 008 250505s9999 xx 000 0 eng d
020 _a9780670092451
037 _aTB
040 _aILCL
_beng
_cILCL
041 _aeng
_2eng
082 _qILCL
100 _aChandrachud, Abhinav
245 0 _aRepublic of Religion: the rise and fall of colonial secularism in India
260 _aIndia
_bPenguin Random House
_c2022
300 _axxiv,284p.
365 _aINR
942 _cTB
_2Colon Classification
999 _c1312918
_d1312918